000 01112nam a22003497a 4500
003 CHAP
005 20220329132907.0
008 971010s1979 r 00010 d
010 _a26
011 _a998
035 _a119
040 _cCHAP
082 0 4 _a636.3
_bT6 1979
100 0 0 _aTomes, G. L.
_9113857
245 1 0 _aSheep breeding
_c/por G. L. Tomes
250 _a2 ed.
260 _aLondon :
_bButterworths,
_c1979
300 _a580 p.
490 _aStudies in the agricultural and food sciences
590 _aBATCH-UPD
_b10
_c20130110
_lUCH01
_h1312
590 _aBATCH-UPD
_b10
_c20130410
_lUCH01
_h0825
590 _aBATCH-UPD
_b10
_c20130914
_lUCH01
_h1512
590 _aCONVERSION
_b10
_c20130109
_lUCH01
_h1302
650 1 4 _aGanado lanar
_xCría de.
_945167
700 0 _aLightfoot, R. J.
_966755
700 0 _aRobertson, D. E.
_997949
830 0 _aStudies in the agricultural and food sciences
_9110084
901 _aBK
942 _cLIBRO
949 _a636.3 T6 1979
_bBC
_cLIBRO
_d33724000136297
_eLIBRO
_h48529
_i119
_si
949 _a636.3 T6 1979
_bBC
_cLIBRO
_d33724000625315
_eLIBRO
_fc.2
_h91276
_i119
_si
999 _c26
_d26